'Economic'and 'functional'obsolescence (Record no. 80746)

MARC details
000 -LEADER
fixed length control field 01239cab a22002175a 4500
001 - CONTROL NUMBER
control field L145241
008 - FIXED-LENGTH DATA ELEMENTS--GENERAL INFORMATION
fixed length control field 080918s2008 xxkad f s 000 0 eng d
035 ## - SYSTEM CONTROL NUMBER
System control number (Sirsi) u145241
041 0# - LANGUAGE CODE
Language code of text/sound track or separate title eng
100 1# - MAIN ENTRY--PERSONAL NAME
Personal name Mansfield, John R.
245 01 - TITLE STATEMENT
Title 'Economic'and 'functional'obsolescence
Remainder of title their characteristics and impacts on valuation practice
260 ## - PUBLICATION, DISTRIBUTION, ETC.
Date of publication, distribution, etc. 2008
490 #0 - SERIES STATEMENT
Series statement Property Management
Volume/sequential designation 26(3) 2008, 191-206(16)
520 ## - SUMMARY, ETC.
Summary, etc. Considers the term 'depreciation' in the context of property values, critically reviews the term 'obsolescence' and then highlights the practical problems involved in pricing obsolescence using inflexible methodologies when criteria is still developing. Critically reviews the existing literature and advice from international professional bodies, including RICS (See L136416). Concludes that despite the need to be explicit in valuations, current methods do not help valuers provide the necessary detail. Recommends that existing guidance and advice from professional bodies, including RICS, needs to be revised.
590 ## - LOCAL NOTE (RLIN)
Local note KA
650 24 - SUBJECT ADDED ENTRY--TOPICAL TERM
Topical term or geographic name entry element RICS VALUATION STANDARDS
651 #4 - SUBJECT ADDED ENTRY--GEOGRAPHIC NAME
Geographic name International
690 ## - LOCAL SUBJECT ADDED ENTRY--TOPICAL TERM (OCLC, RLIN)
Topical term or geographic name as entry element PROPERTY-PROPERTY APPRAISAL AND VALUATION
700 1# - ADDED ENTRY--PERSONAL NAME
Personal name Pinder, James A.
942 ## - ADDED ENTRY ELEMENTS (KOHA)
Suppress in OPAC 0
Holdings
Withdrawn status Lost status Source of classification or shelving scheme Damaged status Not for loan Home library Current library Shelving location Date acquired Total Checkouts Full call number Barcode Date last seen Copy number Price effective from Koha item type
    Dewey Decimal Classification     London London Journal article 18/09/2008   L145241 145241-1001 06/08/2019 1 06/08/2019 Journal article